[Event "4NCL Division 4 South"]
[Site "Reading, ENG"]
[Date "2017.05.01"]
[Round "11.96"]
[White "Peck, Windsor W A"]
[Black "Vaidya, Pranav"]
[Result "1-0"]
[WhiteElo "1547"]
[BlackElo "842"]
[PlyCount "93"]
[EventDate "2017.05.01"]
[WhiteTeam "Shropshire 2"]
[BlackTeam "Barnet Knights 3"]

1. d4 Nf6 2. Nf3 e6 3. e3 d5 4. Bd3 Nc6 5. O-O g6 6. b3 Bg7 7. Bb2 O-O 8. Nbd2
Re8 9. a3 Ne7 10. Ne5 Nf5 11. Re1 c6 12. Rc1 Nd6 13. Qf3 Bd7 14. e4 b6 15. exd5
exd5 16. h3 Bh6 17. Rcd1 Kg7 18. Bc1 Nh5 19. Nf1 Nf5 20. g4 Bf4 21. Bxf4 Nh4
22. Bh6+ Kxh6 23. Qe3+ g5 24. gxh5 Kxh5 25. Ng3+ Kh6 26. Nxf7+ Kg7 27. Nxd8
Rxe3 28. Rxe3 Rxd8 29. Rde1 Bxh3 30. Nh5+ Kh6 31. Rxh3 Kxh5 32. Re7 Rh8 33.
Be2+ Kh6 34. Re6+ Kg7 35. Rxc6 Nf5 36. Rc7+ Kf6 37. c3 Nh4 38. Rd7 Re8 39. Kf1
Re4 40. Rxd5 h6 41. Rd6+ Kg7 42. Rd7+ Kf6 43. Rxa7 g4 44. Rxh4 Kg5 45. Rh1 h5
46. Rh7 g3 47. R1xh5+ 1-0

[Event "4NCL Division 4 South"]
[Site "Reading, ENG"]
[Date "2017.05.01"]
[Round "11.102"]
[White "Samworth-Calvier, Juju"]
[Black "Panicker, Raj"]
[Result "1-0"]
[WhiteElo "1633"]
[BlackElo "1795"]
[PlyCount "85"]
[EventDate "2017.05.01"]
[WhiteTeam "Sussex Martlets 3"]
[BlackTeam "Oxford 3"]

1. e4 c5 2. Nc3 g6 3. g3 Bg7 4. Bg2 e5 5. d3 Ne7 6. Be3 d6 7. Qd2 Nbc6 8. Bh6
O-O 9. h4 f6 10. Bxg7 Kxg7 11. h5 g5 12. h6+ Kh8 13. f4 exf4 14. gxf4 gxf4 15.
O-O-O Nd4 16. Qxf4 Ng6 17. Qg3 Be6 18. Bh3 Qd7 19. Bxe6 Qxe6 20. Nd5 Rf7 21. c3
Nc6 22. Nh3 Rg8 23. Rhg1 Nge7 24. Qf3 Rxg1 25. Rxg1 Ne5 26. Nxe7 Rxe7 27. Qf1
f5 28. exf5 Qxh6+ 29. Kc2 Qf6 30. Ng5 Rg7 31. Ne6 Rxg1 32. Qxg1 Nxd3 33. Qg3
Ne5 34. Kb3 c4+ 35. Kb4 d5 36. Ka4 a6 37. b4 h6 38. Ka3 Nc6 39. Kb2 Qe5 40. Qg6
Nxb4 41. Qxh6+ Kg8 42. Qf8+ Kh7 43. Ng5# 1-0

[Event "4NCL Division 4 South"]
[Site "Reading, ENG"]
[Date "2017.05.01"]
[Round "11.103"]
[White "Rowan, Daniel"]
[Black "Woods, Timothy J"]
[Result "0-1"]
[WhiteElo "1828"]
[BlackElo "1645"]
[PlyCount "64"]
[EventDate "2017.05.01"]
[WhiteTeam "Oxford 3"]
[BlackTeam "Sussex Martlets 3"]

1. d4 d6 2. c4 Nf6 3. Nc3 g6 4. g3 Bg7 5. Bg2 O-O 6. Nf3 Nc6 7. O-O a6 8. Qd3
e5 9. d5 Ne7 10. b4 e4 11. Nxe4 Nxe4 12. Qxe4 Bxa1 13. Bg5 Be5 14. Nh4 f5 15.
Qe3 Bf6 16. Bh6 Rf7 17. Nf3 Bg7 18. Bf4 Qf8 19. Ng5 Rf6 20. Nf3 Qe8 21. c5 Bd7
22. Qb3 Kh8 23. Re1 Ba4 24. Qc4 Qb5 25. Qd4 Rff8 26. Qd2 Rad8 27. Ng5 dxc5 28.
Ne6 Qxb4 29. Qc1 Qc3 30. Qb1 Bc2 31. Qc1 Be4 32. Qd1 Bxd5 0-1

[Event "4NCL Division 4 South"]
[Site "Reading, ENG"]
[Date "2017.05.01"]
[Round "11.104"]
[White "Bennet-Stevens, Lucy"]
[Black "Gentry, Alan E"]
[Result "1-0"]
[WhiteElo "1643"]
[BlackElo "1750"]
[PlyCount "75"]
[EventDate "2017.05.01"]
[WhiteTeam "Sussex Martlets 3"]
[BlackTeam "Oxford 3"]

1. e4 c5 2. Nf3 d6 3. Bb5+ Bd7 4. Bxd7+ Nxd7 5. O-O Ngf6 6. Re1 g6 7. d3 Bg7 8.
Nc3 O-O 9. Bf4 Nh5 10. Be3 Re8 11. d4 Rc8 12. Qe2 a6 13. a4 Nf8 14. dxc5 dxc5
15. e5 Ne6 16. Qc4 Rc6 17. Rad1 Qc8 18. h3 Nd4 19. Nxd4 cxd4 20. Qxd4 Rc4 21.
Qd5 e6 22. Qa5 Bf8 23. Bd4 Be7 24. Na2 Qc6 25. Qd2 Rxc2 26. Qe3 Qxa4 27. Nc3
Qb3 28. g4 Ng7 29. Rb1 Rxb2 30. Rxb2 Qxb2 31. Ne4 Qb4 32. Nf6+ Bxf6 33. exf6
Rd8 34. Bc3 Qc4 35. Qb6 Rd7 36. Qa7 h6 37. Qb8+ Kh7 38. fxg7 1-0

[Event "4NCL Division 4 South"]
[Site "Reading, ENG"]
[Date "2017.05.01"]
[Round "11.105"]
[White "Langham, Rod E"]
[Black "Hedger, Alec"]
[Result "1/2-1/2"]
[WhiteElo "1709"]
[BlackElo "1517"]
[PlyCount "87"]
[EventDate "2017.05.01"]
[WhiteTeam "Oxford 3"]
[BlackTeam "Sussex Martlets 3"]

1. d4 d5 2. Bf4 c6 3. e3 e6 4. Bd3 f5 5. Nf3 Nf6 6. Ne5 Bd6 7. Nd2 O-O 8. O-O
Qc7 9. Ndf3 Ne4 10. c3 Bd7 11. Ne1 Be8 12. f3 Nf6 13. Bc2 Nbd7 14. Nxd7 Qxd7
15. Bxd6 Qxd6 16. Nd3 Bh5 17. Qe1 Rae8 18. Ne5 h6 19. e4 fxe4 20. fxe4 Nd7 21.
Rxf8+ Rxf8 22. Nxd7 Qxd7 23. e5 Qf7 {(=)} 24. Qe3 Bg6 25. Qe2 Bxc2 26. Qxc2 b5
27. a3 Qf5 28. Qxf5 Rxf5 29. Rf1 Rxf1+ 30. Kxf1 a5 31. b4 a4 32. Kf2 Kf7 33.
Kg3 Kg6 34. Kf4 Kh5 35. g3 Kg6 36. g4 Kf7 37. h4 g6 38. Kf3 g5 39. h5 Ke7 40.
Ke3 Kd7 41. Kd3 Ke7 42. Ke3 Kd7 43. Kd3 Ke7 44. Ke3 1/2-1/2

[Event "4NCL Division 4 South"]
[Site "Reading, ENG"]
[Date "2017.05.01"]
[Round "11.106"]
[White "Kaya, Batuhan"]
[Black "Matilal, Tamal"]
[Result "1-0"]
[WhiteElo "1432"]
[BlackElo "1397"]
[PlyCount "155"]
[EventDate "2017.05.01"]
[WhiteTeam "Sussex Martlets 3"]
[BlackTeam "Oxford 3"]

1. e4 g6 2. d4 c5 3. c3 Bg7 4. Nf3 cxd4 5. cxd4 Nf6 6. Nc3 d6 7. Bc4 O-O 8. O-O
Bg4 9. h3 Bxf3 10. Qxf3 Nc6 11. Be3 Nd7 12. Rad1 Rc8 13. Be2 Qa5 14. a3 a6 15.
Rd2 Kh8 16. Qg3 e5 17. d5 Nd4 18. Bxd4 exd4 19. Nb1 Be5 20. f4 Bg7 21. b4 Qb6
22. Rd3 Rc2 23. Bd1 Rc1 24. Ba4 Rxf1+ 25. Kxf1 Nf6 26. Nd2 Rc8 27. Qe1 Qc7 28.
Qd1 b5 29. Bb3 Nh5 30. g3 Qc1 31. Qxc1 Rxc1+ 32. Kf2 Rc3 33. Rxc3 dxc3 34. Nb1
Kg8 35. Kf3 h6 36. g4 Nf6 37. Ke3 Nd7 38. Kd3 c2 39. Bxc2 Bb2 40. a4 Bc1 41.
Nd2 Ba3 42. Kc3 Nb6 43. axb5 axb5 44. Bd3 Kg7 45. Bxb5 Kf6 46. Nf3 Bc1 47. f5
gxf5 48. gxf5 Bf4 49. Bc6 h5 50. Kd4 Bg3 51. h4 Bf2+ 52. Kd3 Bg3 53. Bb5 Bf4
54. Ng5 Bxg5 55. hxg5+ Kxg5 56. Ke3 h4 57. Kf3 f6 58. Bf1 Na4 59. b5 Nb6 60.
Bd3 Na4 61. Be2 Nc5 62. b6 h3 63. Bd3 Kh4 64. Bc2 Nb7 65. Ba4 Nc5 66. Bc6 h2
67. Kg2 Kg4 68. b7 Nxb7 69. Bxb7 Kf4 70. Bc8 Kxe4 71. Be6 h1=Q+ {(=)} 72. Kxh1
Kf3 73. Kh2 Kf4 74. Kh3 Kf3 75. Kh4 Kf4 76. Kh5 Ke4 77. Kg6 Ke5 78. Kf7 1-0

[Event "4NCL Division 4 South"]
[Site "Reading, ENG"]
[Date "2016.11.27"]
[Round "2.11"]
[White "Kenning, Paul H"]
[Black "Healey, Michael W"]
[Result "0-1"]
[WhiteElo "1871"]
[BlackElo "2164"]
[PlyCount "42"]
[EventDate "2016.11.27"]
[WhiteTeam "Iceni 2"]
[BlackTeam "Oxford 2"]

1. e4 e5 2. Nc3 Bb4 3. Bc4 Nf6 4. d3 Nc6 5. f4 d5 6. exd5 Nxd5 7. Bxd5 Qxd5 8.
Nf3 Bg4 9. O-O Bxc3 10. bxc3 O-O-O 11. Qe1 Rhe8 12. Qg3 Bxf3 13. Qxf3 e4 14.
dxe4 Rxe4 15. Be3 Rde8 16. Rfd1 Qf5 17. Rd3 g5 18. Rad1 gxf4 19. Rd5 R8e5 20.
g4 Rxe3 21. gxf5 Rxf3 0-1

[Event "4NCL Division 4 South"]
[Site "Reading, ENG"]
[Date "2016.11.27"]
[Round "2.12"]
[White "Rawlinson, Aidan M"]
[Black "Jones, Robert L"]
[Result "1-0"]
[WhiteElo "2208"]
[BlackElo "1792"]
[PlyCount "78"]
[EventDate "2016.11.27"]
[WhiteTeam "Oxford 2"]
[BlackTeam "Iceni 2"]

1. d4 e6 2. c4 Nf6 3. g3 Be7 4. Bg2 d5 5. Nf3 O-O 6. O-O c6 7. Qc2 b6 8. Rd1
Bb7 9. Nbd2 Nbd7 10. e4 Rc8 11. e5 Ne8 12. cxd5 cxd5 13. Qd3 Nc7 14. h4 Ba6 15.
Qe3 Nb8 16. Bh3 Nc6 17. a3 Na5 18. b3 Ne8 19. Bb2 Rc7 20. Rdc1 h6 21. Ne1 Nc6
22. Ng2 Kh7 23. Nf4 g5 24. hxg5 Bxg5 25. Nf3 Ng7 26. Kg2 Rh8 27. Bg4 Kg8 28.
Rh1 Bxf4 29. Qxf4 h5 30. Bxh5 Rxh5 31. Rxh5 Nxh5 32. Qh6 Nf4+ 33. Qxf4 f5 34.
exf6 Rf7 35. Ne5 Nxe5 36. dxe5 Qc7 37. Qg4+ Kf8 38. a4 Bd3 39. Ba3+ Ke8 1-0

[Event "4NCL Division 4 South"]
[Site "Reading, ENG"]
[Date "2016.11.27"]
[Round "2.13"]
[White "Usher, Michael E"]
[Black "Burrows, Nick"]
[Result "0-1"]
[WhiteElo "1750"]
[BlackElo "1894"]
[PlyCount "80"]
[EventDate "2016.11.27"]
[WhiteTeam "Iceni 2"]
[BlackTeam "Oxford 2"]

1. b3 d5 2. Bb2 Bg4 3. Nf3 Bxf3 4. exf3 Nf6 5. f4 e6 6. d3 c5 7. Nd2 Nc6 8. g3
Be7 9. Bg2 O-O 10. O-O a5 11. a4 Rc8 12. Re1 Qc7 13. Rc1 Rfd8 14. Nf3 c4 15. d4
Qb6 16. Re3 Ng4 17. Re2 cxb3 18. cxb3 Nb4 19. f5 Rxc1 20. Bxc1 Bf6 21. fxe6
fxe6 22. Bg5 h6 23. Bxf6 Nxf6 24. Bh3 Ne4 25. Ne5 Nc3 26. Qe1 Nxe2+ 27. Qxe2
Re8 28. Qf3 Qc7 29. Qh5 Qe7 30. Qe2 Nc6 31. Qe3 Nxe5 32. Qxe5 Qf6 33. Qe3 e5
34. Bg2 e4 35. f3 Qe6 36. fxe4 dxe4 37. Kf2 Qc6 38. Bf1 Qc2+ 39. Be2 Rc8 40.
Qf4 Rf8 0-1

[Event "4NCL Division 4 South"]
[Site "Reading, ENG"]
[Date "2016.11.27"]
[Round "2.14"]
[White "Matta, Francesca"]
[Black "Goldsmith, Rory"]
[Result "1/2-1/2"]
[WhiteElo "1949"]
[BlackElo "1690"]
[PlyCount "135"]
[EventDate "2016.11.27"]
[WhiteTeam "Oxford 2"]
[BlackTeam "Iceni 2"]

1. d4 d5 2. c4 e6 3. cxd5 exd5 4. Nc3 Nf6 5. Nf3 Be7 6. Bg5 h6 7. Bh4 O-O 8. e3
Be6 9. Bd3 Nbd7 10. O-O c6 11. Rb1 a5 12. Qc2 Re8 13. a3 Qb8 14. Bg3 Bd6 15. b4
Bxg3 16. hxg3 axb4 17. axb4 b5 18. Ne2 Qb7 19. Rfc1 Rec8 20. Nf4 Bg4 21. Bf1
Rab8 22. Ra1 Rc7 23. Nd2 Nf8 24. Nb3 Qc8 25. Nc5 Rb6 26. Ra5 Bf5 27. Qa2 N8d7
28. Nb3 Rb8 29. Nd3 Bxd3 30. Bxd3 g6 31. Qc2 Rbb7 32. Ra6 Nb8 33. Ra8 Kg7 34.
Nc5 Ra7 35. Rxa7 Rxa7 36. Nb3 Qd7 37. Na5 Ra6 38. Qc3 Qd6 39. Re1 Rb6 40. Rb1
Ra6 41. Qe1 Ra7 42. Rc1 Re7 43. Qc3 Re6 44. Qa3 Qe7 45. Bf1 h5 46. Qc3 Qd7 47.
Nb3 Ne4 48. Qe1 Na6 49. Ra1 Qc8 50. Bd3 Nf6 51. Qc3 Qb7 52. Na5 Qb6 53. Qa3 Nb8
54. Nb3 Nfd7 55. Qa8 Qd8 56. Kf1 Qf8 57. Nc5 Nxc5 58. dxc5 Nd7 59. Qb7 Ne5 60.
Be2 Qe7 61. Qb8 Qe8 62. Ra8 Qxb8 63. Rxb8 Kf6 64. Rd8 Ke7 65. Ra8 Kf6 66. Rd8
Ke7 67. Ra8 Kf6 68. Rd8 1/2-1/2

[Event "4NCL Division 4 South"]
[Site "Reading, ENG"]
[Date "2016.11.27"]
[Round "2.15"]
[White "Balakrishnan, Kathirvel"]
[Black "Cole, James"]
[Result "1/2-1/2"]
[WhiteElo "1556"]
[BlackElo "1952"]
[PlyCount "78"]
[EventDate "2016.11.27"]
[WhiteTeam "Iceni 2"]
[BlackTeam "Oxford 2"]

1. d4 Nf6 2. Nf3 g6 3. e3 Bg7 4. Bd3 O-O 5. Nbd2 c5 6. O-O cxd4 7. exd4 d5 8.
h3 Nc6 9. c3 a6 10. Re1 Ne8 11. Nb3 Nd6 12. Bf4 b5 13. a3 Bf5 14. Ne5 Nb8 15.
Nc5 Bxd3 16. Qxd3 Nc4 17. Qe2 Nxe5 18. Bxe5 Bxe5 19. Qxe5 Nc6 20. Qg5 Qd6 21.
b4 Ra7 22. a4 bxa4 23. Rxa4 Rfa8 24. Rea1 Nd8 25. Ra5 Nc6 26. Rxa6 Rxa6 27.
Rxa6 Rxa6 28. Nxa6 Nxd4 29. cxd4 Qxa6 30. Qd2 Kf8 31. Qc3 Ke8 32. Qc5 Qb7 33.
Kf1 Kd7 34. Ke2 f6 35. f4 h6 36. Kf3 g5 37. Kg4 gxf4 38. Kxf4 Qb8+ 39. Kf5 Qg8
1/2-1/2

[Event "4NCL Division 4 South"]
[Site "Reading, ENG"]
[Date "2016.11.27"]
[Round "2.16"]
[White "Terry, Sean"]
[Black "Thatte, Nishchal"]
[Result "1-0"]
[WhiteElo "1923"]
[BlackElo "1513"]
[PlyCount "89"]
[EventDate "2016.11.27"]
[WhiteTeam "Oxford 2"]
[BlackTeam "Iceni 2"]

1. e4 e6 2. d4 d5 3. Nd2 c5 4. Ngf3 Nf6 5. e5 Nfd7 6. c3 Nc6 7. a3 Qb6 8. Qb3
Qxb3 9. Nxb3 c4 10. Nbd2 Nb6 11. Be2 Bd7 12. O-O O-O-O 13. Ng5 Be8 14. f4 h6
15. Ngf3 Be7 16. Ne1 Bd7 17. Bd1 f6 18. Ndf3 Be8 19. Bc2 Na5 20. Be3 Na4 21.
Rb1 Nb3 22. Nd2 Na5 23. Nef3 Bd7 24. Nh4 f5 25. Ng6 Rhe8 26. Bf2 Kc7 27. Nxe7
Rxe7 28. Bh4 Ree8 29. Bxd8+ Kxd8 30. Bd1 Ke7 31. h4 Bb5 32. h5 Nb3 33. Nf3 Rg8
34. Rf2 g5 35. hxg6 Rxg6 36. Nh4 Rg3 37. Bf3 Rg8 38. Kh2 Rc8 39. Rg1 Rc6 40. g4
fxg4 41. Rxg4 Ba6 42. Rg7+ Kf8 43. Rfg2 Ke8 44. Rg8+ Kd7 45. R2g7# 1-0

[Event "4NCL Division 4 South"]
[Site "Reading, ENG"]
[Date "2016.11.27"]
[Round "2.21"]
[White "Bisereko Pafura Godfrey"]
[Black "Karia, Kamlesh"]
[Result "1-0"]
[WhiteElo "2028"]
[BlackElo "1592"]
[PlyCount "61"]
[EventDate "2016.11.27"]
[WhiteTeam "Throw in the Tal 1"]
[BlackTeam "Barnet Knights 3"]

1. d4 d5 2. Nf3 Nf6 3. c4 e6 4. Nc3 c6 5. Bg5 Be7 6. e3 Nbd7 7. Rc1 O-O 8. Bd3
dxc4 9. Bxc4 Nd5 10. Bxe7 Qxe7 11. O-O Nxc3 12. bxc3 Rd8 13. e4 b5 14. Bb3 Bb7
15. Re1 e5 16. Qe2 a6 17. Qe3 h6 18. Rcd1 c5 19. dxe5 c4 20. Bc2 Nxe5 21. Nd4
Qf6 22. f4 Ng6 23. Rf1 Qb6 24. Kh1 Qc7 25. Qg3 Rac8 26. e5 Ne7 27. f5 Nc6 28.
f6 g5 29. Qh3 Nxe5 30. Qxh6 Bxg2+ 31. Kg1 1-0

[Event "4NCL Division 4 South"]
[Site "Reading, ENG"]
[Date "2016.11.27"]
[Round "2.22"]
[White "Karia, Devin"]
[Black "Ho, Marco"]
[Result "0-1"]
[WhiteElo "1622"]
[BlackElo "1982"]
[PlyCount "124"]
[EventDate "2016.11.27"]
[WhiteTeam "Barnet Knights 3"]
[BlackTeam "Throw in the Tal 1"]

1. d4 c5 2. Nf3 Nf6 3. Bf4 e6 4. e3 cxd4 5. exd4 Qa5+ 6. Nbd2 Nc6 7. h3 Qb4 8.
Rb1 Nxd4 9. Nxd4 Qxd4 10. Be3 Qb4 11. c3 Qd6 12. Be2 Nd5 13. O-O Nxe3 14. fxe3
Qc5 15. Rf3 Be7 16. Ne4 Qc7 17. Bd3 d5 18. Ng3 O-O 19. Qe1 Bd7 20. Qf2 Bh4 21.
Rf1 f5 22. Bc2 Rae8 23. Bb3 Qe5 24. e4 dxe4 25. Rxf5 Qd6 26. Rxf8+ Rxf8 27.
Qxf8+ Qxf8 28. Rxf8+ Kxf8 29. Nxe4 Ke7 30. Nc5 Bc8 31. Kf1 b6 32. Nd3 Bg3 33.
Nf2 Bb7 34. Bc2 h6 35. Be4 Ba6+ 36. Bd3 Bc8 37. Ne4 Bf4 38. b3 Be5 39. c4 Bd7
40. Nd2 Bd4 41. Nf3 Bc3 42. Nh4 Kd6 43. Ng6 Kc5 44. Nf8 Bc8 45. Ke2 Kb4 46. Kd1
Ka3 47. Kc2 Bb4 48. Ng6 Kxa2 49. Ne5 a5 50. Nc6 Bd6 51. Nd4 Bd7 52. Be2 e5 53.
Nb5 Bxb5 54. cxb5 Bc5 55. Bd3 Bd4 56. Be4 Ka3 57. Bd3 Kb4 58. Bc4 a4 59. Kb1
Kc3 60. Ka2 e4 61. g4 e3 62. Be2 Kd2 0-1

[Event "4NCL Division 4 South"]
[Site "Reading, ENG"]
[Date "2016.11.27"]
[Round "2.23"]
[White "Ireland, David J"]
[Black "Hung, Dylan"]
[Result "0-1"]
[WhiteElo "1990"]
[BlackElo "1600"]
[PlyCount "72"]
[EventDate "2016.11.27"]
[WhiteTeam "Throw in the Tal 1"]
[BlackTeam "Barnet Knights 3"]

1. e4 c6 2. d4 d5 3. e5 Bf5 4. c4 e6 5. a3 Ne7 6. Nc3 dxc4 7. Bxc4 Nd5 8. Nf3
Be7 9. O-O O-O 10. Be3 Nd7 11. Bd3 Bxd3 12. Qxd3 N7b6 13. Ne4 Nxe3 14. fxe3 c5
15. Rad1 c4 16. Qd2 Nd7 17. Nc3 Qc7 18. e4 Rfd8 19. Qf4 f6 20. Ng5 Qb6 21. Kh1
Rf8 22. exf6 Bxf6 23. Nf3 Qxb2 24. Qd6 Rfe8 25. e5 Qxc3 26. Qxd7 Rad8 27. Qxb7
Be7 28. a4 Qa5 29. Qc6 Qb6 30. Qxc4 Rc8 31. Qa2 Rc3 32. d5 exd5 33. Qxd5+ Kh8
34. Qf7 Rcc8 35. h3 Qb4 36. Rd7 a5 0-1

[Event "4NCL Division 4 South"]
[Site "Reading, ENG"]
[Date "2016.11.27"]
[Round "2.24"]
[White "Balouka-Myers, Toby"]
[Black "Pink, Joshua"]
[Result "1-0"]
[WhiteElo "1517"]
[BlackElo "2042"]
[PlyCount "127"]
[EventDate "2016.11.27"]
[WhiteTeam "Barnet Knights 3"]
[BlackTeam "Throw in the Tal 1"]

1. c4 g5 2. g3 Bg7 3. Bg2 Nc6 4. Nc3 d6 5. e3 h5 6. Nge2 Be6 7. Qb3 Qd7 8. Qxb7
Rb8 9. Qxc6 Nf6 10. Qxd7+ Bxd7 11. d4 e6 12. Nb5 Bxb5 13. cxb5 d5 14. Nc3 Kd7
15. a4 Ne8 16. b3 Nd6 17. Bb2 Nb7 18. a5 Nd6 19. Bf1 Rhc8 20. Ba3 c5 21. bxc6+
Rxc6 22. Bxd6 Kxd6 23. Nb5+ Ke7 24. Be2 a6 25. Na3 Rxb3 26. O-O Rb2 27. Bxh5
Rc3 28. Rfc1 Rd3 29. Rc7+ Kf8 30. Rxf7+ Kg8 31. Ra7 Rdd2 32. Rb1 Ra2 33. Bg6
Bf8 34. Bf7+ Kg7 35. Rb3 Bxa3 36. Bxe6+ Kg6 37. Bxd5 Ra1+ 38. Kg2 Bc5 39. dxc5
Rxd5 40. Rb6+ Kf5 41. Rbxa6 Rdd1 42. Rf7+ Ke5 43. f4+ Ke4 44. fxg5 Ra2+ 45. Rf2
Raa1 46. g6 Rg1+ 47. Kh3 Kxe3 48. Rg2 Rgd1 49. Rd6 Rdb1 50. Rd8 Rb7 51. c6 Rc7
52. Rc2 Rxa5 53. Rd7 Rc8 54. c7 Raa8 55. Kg2 Ke4 56. h4 Kf5 57. Rc6 Kg4 58. Rc5
Ra2+ 59. Kf1 Kf3 60. Rc3+ Kg4 61. Rd8 Ra1+ 62. Ke2 Ra2+ 63. Kd1 Ra1+ 64. Kd2
1-0

[Event "4NCL Division 4 South"]
[Site "Reading, ENG"]
[Date "2016.11.27"]
[Round "2.25"]
[White "Ward, Andrew"]
[Black "Balouka-Myers, Raphael"]
[Result "1-0"]
[WhiteElo "1892"]
[BlackElo "1465"]
[PlyCount "85"]
[EventDate "2016.11.27"]
[WhiteTeam "Throw in the Tal 1"]
[BlackTeam "Barnet Knights 3"]

1. d4 Nf6 2. c4 g6 3. Nc3 d6 4. e4 e5 5. dxe5 dxe5 6. Qxd8+ Kxd8 7. Bg5 Bg7 8.
Nd5 Nbd7 9. O-O-O Ke8 10. Bxf6 Bxf6 11. Nxc7+ Ke7 12. Nxa8 Nc5 13. f3 Rd8 14.
Nc7 Bd7 15. Nd5+ Ke6 16. g3 Bg7 17. Bh3+ f5 18. exf5+ gxf5 19. Ne2 b6 20. Rhe1
Kf7 21. Nec3 Bh8 22. g4 f4 23. Ne4 Nxe4 24. Rxe4 h5 25. Nc3 Ke7 26. Rde1 Kd6
27. Nb5+ Bxb5 28. cxb5 Rc8+ 29. Kb1 Re8 30. gxh5 Bf6 31. Rc1 Kd5 32. Rd1+ Kc5
33. b4+ Kxb5 34. Bd7+ Ka6 35. Bxe8 Bg7 36. Rd5 Kb7 37. Rd7+ Ka6 38. Rxg7 b5 39.
Rg6+ Kb7 40. Rxe5 Kc8 41. Rg7 Kd8 42. Bxb5 a6 43. Re8# 1-0

[Event "4NCL Division 4 South"]
[Site "Reading, ENG"]
[Date "2016.11.27"]
[Round "2.26"]
[White "Virin, Daniel"]
[Black "Goodwin, Ed H"]
[Result "0-1"]
[WhiteElo "1465"]
[BlackElo "1900"]
[PlyCount "126"]
[EventDate "2016.11.27"]
[WhiteTeam "Barnet Knights 3"]
[BlackTeam "Throw in the Tal 1"]

1. e4 e6 2. Nf3 d5 3. exd5 exd5 4. d4 Bd6 5. Nc3 c6 6. Be2 Ne7 7. O-O O-O 8.
Bg5 Qc7 9. g3 h6 10. Bxe7 Bxe7 11. Re1 Bd6 12. Bf1 Bg4 13. Bg2 Nd7 14. h3 Bh5
15. Kh2 Nf6 16. Qd2 Bg6 17. Ne5 Bh7 18. Bf3 b5 19. Ng4 Nxg4+ 20. Bxg4 Bg6 21.
Nd1 h5 22. Bf3 h4 23. Qg5 hxg3+ 24. fxg3 Rae8 25. Rxe8 Rxe8 26. Nf2 Bxc2 27.
Rg1 Qe7 28. Qg4 Qf6 29. h4 Bf5 30. Qh5 Be4 31. Nxe4 dxe4 32. Be2 Qxd4 33. Rf1
Re7 34. Qg4 Re6 35. Bf3 Qxb2+ 36. Kh3 exf3 37. Qxf3 Rf6 38. Qd1 Rxf1 39. Qxf1
Qe5 40. Qf3 Qxg3+ 41. Qxg3 Bxg3 42. Kxg3 Kh7 43. Kf4 Kh6 44. Ke5 c5 45. Kd5 c4
46. Kd4 f5 47. a4 bxa4 48. Kxc4 f4 49. Kb4 f3 50. Kxa4 f2 51. Ka5 f1=Q 52. Kb4
a5+ 53. Kxa5 Qb1 54. Ka4 Qb2 55. Ka5 Kh5 56. Ka4 g6 57. Ka5 Kxh4 58. Ka4 g5 59.
Ka5 g4 60. Ka4 g3 61. Ka5 g2 62. Ka6 g1=Q 63. Ka5 Qga1# 0-1

[Event "4NCL Division 4 South"]
[Site "Reading, ENG"]
[Date "2016.11.27"]
[Round "2.31"]
[White "Headlong, Timothy"]
[Black "Lambourne, Dan M"]
[Result "1-0"]
[WhiteElo "2035"]
[BlackElo "1977"]
[PlyCount "99"]
[EventDate "2016.11.27"]
[WhiteTeam "Brown Jack 2"]
[BlackTeam "MK Phoenix 2"]

1. Nf3 d5 2. c4 e6 3. g3 Nf6 4. Bg2 Be7 5. O-O O-O 6. d4 c5 7. cxd5 Nxd5 8. Nc3
cxd4 9. Nxd5 exd5 10. Nxd4 Nc6 11. Be3 Bf6 12. Nxc6 bxc6 13. Bd4 Ba6 14. Re1
Rb8 15. b3 Bxd4 16. Qxd4 Qb6 17. Qc3 Rbc8 18. Rac1 d4 19. Qc5 Rfe8 20. Red1
Rxe2 21. Qxb6 axb6 22. Rxd4 g6 23. a4 Rb2 24. Rb4 c5 25. Rxb6 Bd3 26. Rb7 Rd8
27. Rd1 Rb1 28. Rxb1 Bxb1 29. Bf3 Bc2 30. a5 Bd3 31. Rc7 Re8 32. Bd5 Re1+ 33.
Kg2 g5 34. g4 Ra1 35. Rxc5 Kf8 36. b4 Ke7 37. Rc3 Bf1+ 38. Kg3 Rb1 39. Bc4 Bxc4
40. Rxc4 Kd6 41. a6 h6 42. Kf3 Rb3+ 43. Ke4 Rb2 44. Ke3 f6 45. Rc8 Rb3+ 46. Kd2
Ra3 47. b5 Kd7 48. Rf8 Ke7 49. Rh8 Kd6 50. b6 1-0

[Event "4NCL Division 4 South"]
[Site "Reading, ENG"]
[Date "2016.11.27"]
[Round "2.32"]
[White "Brown, Alan M"]
[Black "Rabbitt, Michael"]
[Result "1/2-1/2"]
[WhiteElo "1974"]
[BlackElo "2034"]
[PlyCount "86"]
[EventDate "2016.11.27"]
[WhiteTeam "MK Phoenix 2"]
[BlackTeam "Brown Jack 2"]

1. d4 d5 2. c4 c6 3. Nf3 Nf6 4. e3 Bf5 5. Be2 e6 6. O-O h6 7. b3 Nbd7 8. Bb2
Be7 9. Nbd2 O-O 10. Ne5 Nxe5 11. dxe5 Nd7 12. Nf3 dxc4 13. Bxc4 Nb6 14. Be2
Qxd1 15. Rfxd1 Rfd8 16. Nd4 Bh7 17. Rac1 a5 18. Nf3 a4 19. Rxd8+ Rxd8 20. Bd4
Nd5 21. bxa4 Ra8 22. Rc4 Nb4 23. a3 Nc2 24. Bb6 Kf8 25. a5 Nxa3 26. Rd4 Ke8 27.
Ne1 Nb1 28. Bf3 Nc3 29. Kf1 Nd5 30. Bxd5 exd5 31. Ke2 Kd7 32. Nd3 Bxd3+ 33.
Kxd3 Ke6 34. f4 h5 35. e4 dxe4+ 36. Kxe4 g6 37. g3 f6 38. exf6 Bxf6 39. Ra4 Re8
40. h3 Kd6+ 41. Kf3 c5 42. Re4 Rxe4 43. Kxe4 Bd4 1/2-1/2

[Event "4NCL Division 4 South"]
[Site "Reading, ENG"]
[Date "2016.11.27"]
[Round "2.33"]
[White "Bourne, Johnathan D"]
[Black "Valentine, Brian J"]
[Result "1/2-1/2"]
[WhiteElo "1960"]
[BlackElo "1970"]
[PlyCount "45"]
[EventDate "2016.11.27"]
[WhiteTeam "Brown Jack 2"]
[BlackTeam "MK Phoenix 2"]

1. e4 e5 2. f4 Bc5 3. Nf3 d6 4. c3 Nf6 5. d4 exd4 6. cxd4 Bb6 7. Nc3 O-O 8. Be2
Re8 9. O-O Nc6 10. Kh1 Bg4 11. d5 Ne7 12. h3 Bc8 13. Nd4 c6 14. dxc6 Nxc6 15.
Nxc6 bxc6 16. Bf3 Ba6 17. Be2 Bxe2 18. Qxe2 d5 19. e5 d4 20. Ne4 Nxe4 21. Qxe4
Qc7 22. Qd3 Rad8 23. Bd2 1/2-1/2

[Event "4NCL Division 4 South"]
[Site "Reading, ENG"]
[Date "2016.11.27"]
[Round "2.34"]
[White "Adebajo, Olufemi"]
[Black "Tombolis, Christopher"]
[Result "1-0"]
[WhiteElo "1925"]
[BlackElo "1825"]
[PlyCount "135"]
[EventDate "2016.11.27"]
[WhiteTeam "MK Phoenix 2"]
[BlackTeam "Brown Jack 2"]

1. e4 c5 2. Nc3 Nc6 3. Nf3 g6 4. Bb5 Bg7 5. O-O d6 6. Re1 e5 7. h3 Nf6 8. a4 a6
9. Bc4 Nd4 10. d3 Be6 11. Bg5 Bxc4 12. dxc4 h6 13. Bxf6 Bxf6 14. Nd5 O-O 15.
Nh2 Bg7 16. c3 Ne6 17. Qd2 Kh7 18. Rad1 Rg8 19. Ng4 h5 20. Ndf6+ Kh8 21. Nxg8
hxg4 22. Nh6 Qh4 23. Nxg4 Rd8 24. Qd3 Nf4 25. Qg3 Qxg3 26. fxg3 Nh5 27. Kh2 Nf6
28. Nxe5 Kg8 29. Nf3 Re8 30. e5 dxe5 31. Nxe5 Rb8 32. Nd7 Nxd7 33. Rxd7 Bf6 34.
h4 b5 35. cxb5 axb5 36. a5 Ra8 37. Ra1 b4 38. cxb4 cxb4 39. Ra4 Bxb2 40. Rxb4
Bc3 41. Rbb7 Rxa5 42. Rxf7 Be5 43. Rfd7 Ra8 44. Kh3 Kf8 45. Rf7+ Kg8 46. Rfe7
Bf6 47. Re6 Rf8 48. g4 Rf7 49. Rxf7 Kxf7 50. Ra6 g5 51. Rxf6+ Kxf6 52. h5 Kg7
53. Kg3 Kf6 54. Kf3 Ke5 55. Ke3 Kf6 56. Kd4 Kg7 57. Kd5 Kh6 58. Ke6 Kg7 59. Kf5
Kh6 60. Kf6 Kh7 61. Kxg5 Kg8 62. Kf6 Kh8 63. Kf7 Kh7 64. g5 Kh8 65. g4 Kh7 66.
g6+ Kh6 67. g7 Kg5 68. g8=Q+ 1-0

[Event "4NCL Division 4 South"]
[Site "Reading, ENG"]
[Date "2016.11.27"]
[Round "2.35"]
[White "O`Byrne, Daniel"]
[Black "Whiteside, Robert"]
[Result "0-1"]
[WhiteElo "1802"]
[BlackElo "1803"]
[PlyCount "46"]
[EventDate "2016.11.27"]
[WhiteTeam "Brown Jack 2"]
[BlackTeam "MK Phoenix 2"]

1. d4 e6 2. c4 Nf6 3. Nc3 b6 4. e4 Bb7 5. f3 d5 6. e5 Nfd7 7. cxd5 exd5 8. Be3
Be7 9. Nh3 c5 10. f4 cxd4 11. Bxd4 Nc6 12. Bf2 Rc8 13. a3 d4 14. Nb5 Nc5 15.
Nxd4 Nxd4 16. Qxd4 O-O 17. Rd1 Qc7 18. Qc3 Rfd8 19. Rc1 Qd7 20. Qe3 Nb3 21. Rb1
Qa4 22. Be2 Bxg2 23. Rg1 Qa5+ 0-1